[Event "Barcelona Sant Marti op-B 20th"]
[Site "Barcelona"]
[Date "2018.07.16"]
[Round "4"]
[White "Moncunill Calvet, Pol"]
[Black "Madrid Sole, Antonio"]
[Result "1/2-1/2"]
[WhiteElo "1621"]
[BlackElo "1776"]
[PlyCount "64"]
[EventDate "2018.07.13"]
[EventType "swiss"]
[EventRounds "9"]
[EventCountry "ESP"]
[SourceTitle "EXT 2019"]
[Source "ChessBase"]
[SourceDate "2018.10.10"]
[SourceVersion "1"]
[SourceVersionDate "2018.10.10"]
[SourceQuality "1"]

1. d4 e6 2. e4 d5 3. exd5 exd5 4. Bd3 Bd6 5. Be3 Nf6 6. h3 c6 7. c3 0-0 8. Nf3 Re8 9. 0-0 Nbd7 10. Nbd2 Nf8 11. Qc2 Ne6 12. Ng5 Nf8 13. Nb3 Qc7 14. Rae1 Bd7 15. Nc5 Re7 16. Nxd7 Qxd7 17. f4 Rae8 18. Qf2 Qc7 19. g3 Ne4 20. Nxe4 dxe4 21. Bc4 Nd7 22. g4 Nb6 23. Bb3 h6 24. h4 Nd5 25. c4 Nxe3 26. Rxe3 c5 27. d5 Qd7 28. Qg2 b5 29. Qe2 Qc7 30. Qf2 Qc8 31. Qe2 Qc7 32. Qf2 Qc8 1/2-1/2

[Event "Foment Martinenc op-C 16th"]
[Site "Barcelona"]
[Date "2014.06.14"]
[Round "8"]
[White "Rodriguez Condo, Raul Andres"]
[Black "Moncunill Calvet, Pol"]
[Result "0-1"]
[WhiteElo "1831"]
[BlackElo "1739"]
[PlyCount "76"]
[EventDate "2014.04.26"]
[EventType "swiss"]
[EventRounds "9"]
[EventCountry "ESP"]
[SourceTitle "EXT 2015"]
[Source "ChessBase"]
[SourceDate "2014.11.20"]
[SourceVersion "1"]
[SourceVersionDate "2014.11.20"]
[SourceQuality "1"]

1. d4 d5 2. Nf3 Nf6 3. c4 e6 4. Bg5 Be7 5. Nc3 0-0 6. e3 Nbd7 7. Bd3 b6 8. Qc2 h6 9. Bh4 Bb7 10. 0-0-0 c5 11. Rdg1 a5 12. g4 dxc4 13. Be2 b5 14. g5 hxg5 15. Rxg5 Ne4 16. Rh5 f5 17. Nxe4 Bxe4 18. Qc3 Bxh4 19. Rg1 Bf6 20. Ng5 Qe8 21. Nh7 Rf7 22. Nxf6+ Rxf6 23. Rhg5 g6 24. dxc5 Rc8 25. Bh5 f4 26. f3 Qf7 27. fxe4 Nf8 28. exf4 Rd8 29. f5 exf5 30. e5 Re6 31. Rf1 Rd3 32. Qe1 Rd5 33. Rfxf5 Qe8 34. Qe4 Rxc5 35. Rxf8+ Kxf8 36. Bxg6 Qe7 37. Qf3+ Kg8 38. Be4+ Qxg5+ 0-1

[Event "Foment Martinenc op-C 16th"]
[Site "Barcelona"]
[Date "2014.05.24"]
[Round "5"]
[White "Moncunill Calvet, Pol"]
[Black "Sanchez Viana, Jordi"]
[Result "0-1"]
[WhiteElo "1739"]
[BlackElo "1850"]
[PlyCount "64"]
[EventDate "2014.04.26"]
[EventType "swiss"]
[EventRounds "9"]
[EventCountry "ESP"]
[SourceTitle "EXT 2015"]
[Source "ChessBase"]
[SourceDate "2014.11.20"]
[SourceVersion "1"]
[SourceVersionDate "2014.11.20"]
[SourceQuality "1"]

1. e4 c5 2. d3 Nc6 3. g3 Nf6 4. Bg2 d6 5. Ne2 Bg4 6. c3 Ne5 7. f4 Nc6 8. 0-0 Qc8 9. f5 e6 10. h3 Bxe2 11. Qxe2 Be7 12. Be3 0-0 13. Nd2 d5 14. Nb3 b6 15. Rae1 dxe4 16. dxe4 Bd6 17. Bf4 Bxf4 18. Rxf4 Ne5 19. Rd1 Rd8 20. Rff1 Qc7 21. Kh2 a5 22. a4 h5 23. h4 Qc6 24. fxe6 Qxe6 25. Rxd8+ Rxd8 26. Rd1 Neg4+ 27. Kg1 Rxd1+ 28. Qxd1 Ne3 29. Qd8+ Kh7 30. Qd3 Nxg2 31. e5+ g6 32. exf6 Ne1 0-1